[Event "Êîìàíäíîå ïåð-âî ÐÔ 2012 ã. ïî êëàññè÷åñêèì øàõìàòàì"]
[Site "Ðûáèíñê"]
[Date "2012.08.02"]
[Round "1.12"]
[White "Êàðäàøåâñêèé Åâãåíèé"]
[Black "Âàâóëèí Ìàêñèì"]
[Result "0-1"]
[WhiteElo "2105"]
[BlackElo "2292"]
[Annotator ""]
[Source ""]
[Remark ""]

1.d4 Nf6 2.c4 c5 3.d5 e6 4.Nc3 exd5 5.cxd5 d6 6.Bg5 Be7 7.Nf3
O-O 8.e3 h6 9.Bh4 Bg4 10.Be2 Nbd7 11.O-O Rb8 12.a4 Re8 13.a5
Bxf3 14.Bxf3 Ne5 15.Be2 Nfd7 16.Bg3 Bh4 17.Qa4 Bxg3 18.hxg3 a6
19.Rac1 Nf6 20.Rfd1 Qc8 21.b4 Qf5 22.bxc5 Nfg4 23.Qf4 Qh5 24.Bxg4
Nxg4 25.cxd6 Re5 26.e4 f5 27.d7 Rd8 28.d6 fxe4 29.Nd5 Rxd7 30.Rc8+
Kh7 31.Qf8 Rf7 32.Qg8+ Kg6 33.Rf8 Rxf8 34.Qxf8 Kh7 35.Nf4 Qh2+
36.Kf1 e3 37.Ke2 exf2+ 38.Kf3 Re3+ 39.Kxg4 Qxg3+ 40.Kf5 Qg5# 0-1

[Event "Êîìàíäíîå ïåð-âî ÐÔ 2012 ã. ïî êëàññè÷åñêèì øàõìàòàì"]
[Site "Ðûáèíñê"]
[Date "2012.08.02"]
[Round "1.13"]
[White "Ñàâåíêîâ Êîíñòàíòèí"]
[Black "Ïîëÿíöåâ Ðàäæ"]
[Result "1/2-1/2"]
[WhiteElo "2162"]
[BlackElo "1951"]
[Annotator ""]
[Source ""]
[Remark ""]

1.e4 e6 2.d3 d5 3.Nd2 Nc6 4.Ngf3 a6 5.g3 dxe4 6.Nxe4 Nf6 7.Nxf6+
Qxf6 8.Bg2 Bd6 9.O-O O-O 10.Ng5 e5 11.Ne4 Qg6 12.Nxd6 cxd6 13.Be3
Be6 14.f4 f6 15.Qd2 Qf7 16.d4 Bd5 17.Bxd5 Qxd5 18.dxe5 Qxd2 19.Bxd2
dxe5 20.fxe5 Nxe5 21.Bf4 Nc6 22.Rad1 Rad8 23.c3 Rxd1 24.Rxd1
Rd8 25.Rxd8+ Nxd8 26.Kf2 Kf7 27.Kf3 Ke6 28.Ke4 Nc6 29.h4 f5+
30.Kd3 Kd5 31.c4+ Kc5 32.Kc3 b5 33.b4+ Kb6 34.Be3+ Kc7 35.Kb3
Nd8 36.cxb5 axb5 37.a4 Kc6 38.a5 Ne6 39.Kc3 Kd5 40.Kd3 Nc7 41.Bd2
Na6 42.Ke3 h6 43.h5 Nc7 44.Bc3 Ne6 45.a6 Kc6 46.Bd4 Kc7 47.Bc5
Kc6 48.Kf3 Kc7 49.Be3 Kc6 50.g4 Nc7 51.gxf5 Nxa6 52.Bd4 Nxb4
53.Bxg7 Kd7 54.Bxh6 Ke7 55.Bg7 Kf7 56.h6 Nc6 57.Bb2 Kg8 58.Kf4
Kh7 59.Kg5 Nd8 60.Bc1 b4 61.Kf6 b3 62.Ke7 Nc6+ 63.Ke8 Nd4 64.f6
Nf5 65.Kd7 Nxh6 66.Ke6 Kg6 67.Bxh6 b2 68.f7 b1Q 69.f8Q Qe4+ 70.Kd7
Qf5+ 1/2-1/2

[Event "Êîìàíäíîå ïåð-âî ÐÔ 2012 ã. ïî êëàññè÷åñêèì øàõìàòàì"]
[Site "Ðûáèíñê"]
[Date "2012.08.02"]
[Round "1.14"]
[White "Àíóôðèåíêî Äàðüÿ"]
[Black "Ñåâåðèíà Ìàðèÿ"]
[Result "0-1"]
[WhiteElo "1985"]
[BlackElo "2158"]
[Annotator ""]
[Source ""]
[Remark ""]

1.e4 e5 2.Nf3 Nc6 3.Bb5 a6 4.Ba4 Nf6 5.d3 b5 6.Bb3 Be7 7.O-O
O-O 8.Re1 d6 9.c3 Na5 10.Bc2 c5 11.Nbd2 Re8 12.Nf1 Bf8 13.Ng3
g6 14.h3 Bg7 15.Nh2 d5 16.Qf3 Bb7 17.Ng4 Nxg4 18.Qxg4 d4 19.Rd1
Nc6 20.Bg5 Qd6 21.Bd2 Bc8 22.Qh4 Be6 23.Bh6 a5 24.Bxg7 Kxg7 25.Qg5
Kh8 26.h4 Qe7 27.Qh6 Qf8 28.Qd2 a4 29.f4 exf4 30.Qxf4 a3 31.Rab1
axb2 32.Rxb2 dxc3 33.Rbb1 Nd4 34.Rdc1 Rxa2 35.Qf2 b4 36.Ra1 Rea8
37.Rxa2 Rxa2 38.Qf6+ Kg8 39.Nh5 Bg4 40.Bd1 Bxh5 41.Bxh5 c2 42.Rf1
b3 43.Bxg6 hxg6 44.h5 gxh5 45.Qg5+ Qg7 0-1

[Event "Êîìàíäíîå ïåð-âî ÐÔ 2012 ã. ïî êëàññè÷åñêèì øàõìàòàì"]
[Site "Ðûáèíñê"]
[Date "2012.08.02"]
[Round "1.21"]
[White "Êóðçþêîâ Àíäðåé"]
[Black "Áóêàâøèí Èâàí"]
[Result "1/2-1/2"]
[WhiteElo "2191"]
[BlackElo "2498"]
[Annotator ""]
[Source ""]
[Remark ""]

1.d4 Nf6 2.Nf3 d5 3.c4 e6 4.g3 dxc4 5.Bg2 Nc6 6.Qa4 Bb4+ 7.Bd2
Nd5 8.Bxb4 Ndxb4 9.O-O a6 10.Ne5 O-O 11.Nxc6 Nxc6 12.Bxc6 bxc6
13.Qxc4 Rb8 14.b3 Qd6 15.Qc5 Qxc5 16.dxc5 Rb5 17.Rc1 Rd8 18.Na3
Ra5 19.Nb1 Rb5 20.Na3 Ra5 21.Nb1 Rb5 22.Na3 Ra5 1/2-1/2

[Event "Êîìàíäíîå ïåð-âî ÐÔ 2012 ã. ïî êëàññè÷åñêèì øàõìàòàì"]
[Site "Ðûáèíñê"]
[Date "2012.08.02"]
[Round "1.22"]
[White "Ïðåäêå Àëåêñàíäð"]
[Black "Ãëàäêîâ Äìèòðèé"]
[Result "1-0"]
[WhiteElo "2475"]
[BlackElo "1989"]
[Annotator ""]
[Source ""]
[Remark ""]

1.c4 Nf6 2.Nf3 c5 3.Nc3 Nc6 4.d4 cxd4 5.Nxd4 g6 6.e4 d6 7.Be2
Bg7 8.Be3 a6 9.O-O O-O 10.Qd2 Rb8 11.Rfd1 Nxd4 12.Bxd4 Be6 13.Rac1
Nd7 14.Be3 b5 15.cxb5 axb5 16.b4 Bc4 17.f4 Rb7 18.Bf3 Nb6 19.e5
d5 20.Bxd5 Rd7 21.Bxb6 Qxb6+ 22.Qf2 Qxf2+ 23.Kxf2 Bxd5 24.Rxd5
Ra7 25.Rc2 Rfa8 26.Rxb5 f6 27.Rc5 fxe5 28.fxe5 Kf7 29.Ke3 Ra3
30.Ke4 Bf8 31.Rc7 Ke8 32.b5 Rb8 33.e6 Kd8 34.Rd7+ Ke8 35.Nd5 1-0

[Event "Êîìàíäíîå ïåð-âî ÐÔ 2012 ã. ïî êëàññè÷åñêèì øàõìàòàì"]
[Site "Ðûáèíñê"]
[Date "2012.08.02"]
[Round "1.23"]
[White "Äèëìóõàìåòîâ Àðòóð"]
[Black "Ñàíæàåâ Äàðñåí"]
[Result "0-1"]
[WhiteElo "2078"]
[BlackElo "2335"]
[Annotator ""]
[Source ""]
[Remark ""]

1.e4 c5 2.Nf3 e6 3.c3 d5 4.e5 d4 5.cxd4 cxd4 6.Bb5+ Bd7 7.Nxd4
Bxb5 8.Nxb5 Nc6 9.O-O a6 10.N5c3 Nge7 11.Na3 Nxe5 12.d4 N5c6
13.Nc2 Nd5 14.Ne3 Nxc3 15.bxc3 Bd6 16.Bb2 O-O 17.c4 Ne7 18.d5
e5 19.Qb3 b6 20.Rfe1 Kh8 21.Rac1 Rc8 22.a4 a5 23.Nc2 Ng6 24.Na3
Bc5 25.Nb5 Qf6 26.Qg3 Rce8 27.Ba3 Bxa3 28.Qxa3 Nf4 29.Rcd1 Rc8
30.Qd6 Qg5 31.g3 f6 32.Qxb6 Qg4 33.Qe3 Rxc4 34.d6 Rd8 35.d7 Rxd7
36.Nd6 Rb4 37.f3 Nh3+ 38.Kh1 Qe6 39.Nb5 h6 40.Qc5 Rxd1 41.Rxd1
Rb2 42.Rf1 Kh7 43.Qc3 Ra2 44.Qd3+ f5 45.Qe3 Qc4 46.Rc1 Rc2 47.Re1
Qa2 0-1

[Event "Êîìàíäíîå ïåð-âî ÐÔ 2012 ã. ïî êëàññè÷åñêèì øàõìàòàì"]
[Site "Ðûáèíñê"]
[Date "2012.08.02"]
[Round "1.24"]
[White "Ìèðçàåâà Ãóëüíàðà"]
[Black "Àáäóëèíà Áåëëà"]
[Result "1-0"]
[WhiteElo "1776"]
[BlackElo "1776"]
[Annotator ""]
[Source ""]
[Remark ""]

1.e4 c5 2.Nf3 Nc6 3.d4 cxd4 4.Nxd4 g6 5.Nc3 Bg7 6.Be3 Nf6 7.Bc4
Qa5 8.f3 O-O 9.Qd2 Qb4 10.Nxc6 dxc6 11.Bb3 Qa5 12.O-O-O Qc7 13.h4
h5 14.g4 b5 15.gxh5 Nxh5 16.Rdg1 Kh7 17.Qg2 Qd6 18.Ne2 a5 19.f4
a4 20.e5 Qb4 21.a3 Qa5 22.Bxf7 Rxf7 23.Qxg6+ Kg8 24.Qxh5 b4 25.Bd2
c5 26.Rg5 Be6 27.f5 Raf8 28.Rxg7+ Rxg7 29.fxe6 Qa8 30.Rd1 bxa3
31.bxa3 Rf3 32.Bh6 Rg2 33.Rd8+ Qxd8 34.Qxf3 Rg6 35.Qf7+ 1-0

[Event "Êîìàíäíîå ïåð-âî ÐÔ 2012 ã. ïî êëàññè÷åñêèì øàõìàòàì"]
[Site "Ðûáèíñê"]
[Date "2012.08.02"]
[Round "1.31"]
[White "Ôåäîñååâ Âëàäèìèð"]
[Black "Ìàì÷åíêî Ñåðãåé"]
[Result "1-0"]
[WhiteElo "2498"]
[BlackElo "1980"]
[Annotator ""]
[Source ""]
[Remark ""]

1.d4 Nf6 2.c4 e6 3.Nf3 b6 4.g3 Bb7 5.Bg2 c5 6.d5 exd5 7.Nh4 g6
8.Nc3 Bg7 9.O-O O-O 10.Bg5 Qc8 11.cxd5 h6 12.Bf4 Re8 13.Nb5 Ba6
14.Nd6 Bxe2 15.Qd2 Qd8 16.Nxe8 Bxf1 17.Nxf6+ Qxf6 18.Rxf1 g5
19.Re1 1-0

[Event "Êîìàíäíîå ïåð-âî ÐÔ 2012 ã. ïî êëàññè÷åñêèì øàõìàòàì"]
[Site "Ðûáèíñê"]
[Date "2012.08.02"]
[Round "1.32"]
[White "Êðàñîâñêèé Ñâÿòîñëàâ"]
[Black "×èãàåâ Ìàêñèì"]
[Result "0-1"]
[WhiteElo "1995"]
[BlackElo "2462"]
[Annotator ""]
[Source ""]
[Remark ""]

1.c4 Nf6 2.Nc3 g6 3.g3 Bg7 4.Bg2 O-O 5.Nf3 d6 6.O-O c5 7.d3 Nc6
8.a3 h6 9.Rb1 a5 10.Ne1 Be6 11.Nd5 Ne8 12.Nc2 Bc8 13.b4 e6 14.Nde3
axb4 15.axb4 Ra2 16.bxc5 dxc5 17.Ba3 Qe7 18.Rb5 Nd6 19.Bxc5 Qd7
20.Rb6 Rd8 21.Nb4 Ra1 22.Qc2 Nd4 23.Bxd4 Rxf1+ 24.Nxf1 Bxd4 25.c5
Nf5 26.e3 Bf6 27.d4 Rf8 28.c6 bxc6 29.Rxc6 Ne7 30.Rc7 Qd6 31.Qc5
Qd8 32.Qa7 Nd5 33.Nxd5 exd5 34.Nd2 Be6 35.h4 Qb8 36.Qxb8 Rxb8
37.Rc5 Rb2 38.Nf1 Be7 39.Ra5 Kg7 40.Bxd5 Bd8 41.Ra8 Bxd5 42.Rxd8
Bf3 43.Rc8 Rb1 44.Rc2 Re1 45.Rb2 f5 46.Ra2 g5 47.hxg5 hxg5 48.Ra7+
Kg6 49.Ra2 Kh5 50.Rd2 Kg4 51.d5 Kh3 0-1

[Event "Êîìàíäíîå ïåð-âî ÐÔ 2012 ã. ïî êëàññè÷åñêèì øàõìàòàì"]
[Site "Ðûáèíñê"]
[Date "2012.08.02"]
[Round "1.33"]
[White "Êóçüìèí Åãîð"]
[Black "Óôèìöåâ Åãîð"]
[Result "0-1"]
[WhiteElo "1134"]
[BlackElo "1911"]
[Annotator ""]
[Source ""]
[Remark ""]

1.d4 Nf6 2.c4 e6 3.Nf3 b6 4.a3 Bb7 5.Nc3 Ne4 6.e3 Be7 7.Bd3 Nxc3
8.bxc3 c5 9.Qc2 h6 10.e4 d6 11.O-O Nd7 12.Bf4 Qc7 13.Bg3 e5 14.Bh4
Qd8 15.Bxe7 Qxe7 16.dxe5 Nxe5 17.Nxe5 dxe5 18.Rfb1 O-O 19.a4
Bc6 20.a5 Qc7 21.axb6 axb6 22.Rxa8 Rxa8 23.Qb2 Ra6 24.f3 Ba4
25.Bc2 Bd7 26.Bd1 Be6 27.Be2 Qa7 28.Bf1 Qc7 29.Qb5 Qa7 30.Qb2
Qc7 31.h4 Qd8 32.Qb5 Qa8 33.Bd3 Qa7 34.h5 Ra1 35.Qb2 Rxb1+ 36.Bxb1
Bxc4 37.Qd2 Qa1 38.Qc2 Bb5 39.Kh2 Qa7 40.Qb3 Qd7 41.c4 Ba4 42.Qxb6
Qe7 43.g3 Bd1 44.Kg2 Be2 45.Qb3 Qd6 46.Qc2 Bd1 47.Qd3 Qxd3 48.Bxd3
Kf8 49.Kf2 Ke7 50.Bf1 Kf6 51.Ke3 Kg5 52.g4 Kh4 53.Kf2 Bb3 54.Kg2
g6 55.hxg6 fxg6 56.Be2 Kg5 57.Kg3 h5 58.gxh5 gxh5 59.f4+ exf4+
60.Kg2 h4 61.e5 Kf5 62.Kh3 Kxe5 63.Kxh4 Kd4 64.Kg4 Bxc4 65.Bd1
Ke3 66.Ba4 Be2+ 0-1

[Event "Êîìàíäíîå ïåð-âî ÐÔ 2012 ã. ïî êëàññè÷åñêèì øàõìàòàì"]
[Site "Ðûáèíñê"]
[Date "2012.08.02"]
[Round "1.34"]
[White "Ìåäâåäåâà Àííà"]
[Black "Ôåäîñååâà Âàëåíòèíà"]
[Result "1-0"]
[WhiteElo "1988"]
[BlackElo "1957"]
[Annotator ""]
[Source ""]
[Remark ""]

1.e4 e5 2.Nf3 Nc6 3.d4 exd4 4.Nxd4 Nf6 5.Nxc6 bxc6 6.e5 Nd5 7.c4
Nb6 8.Bd3 Bb4+ 9.Bd2 Qe7 10.O-O Bxd2 11.Qxd2 O-O 12.Re1 Qc5 13.Qc2
h6 14.Nd2 d5 15.exd6 cxd6 16.Ne4 Qd4 17.c5 dxc5 18.Nxc5 Nd5 19.Rad1
Qb4 20.a3 Qb6 21.Bh7+ Kh8 22.Be4 Rb8 23.b3 Bg4 24.f3 Be6 25.Kh1
Rfe8 26.Bd3 Nf4 27.Nxe6 Rxe6 28.Bc4 Rg6 29.Rd2 Nd5 30.Rde2 Qd4
31.h3 Nf4 32.Re8+ Rxe8 33.Rxe8+ Kh7 34.Bxf7 Qd6 35.Re6 Nxe6 36.Qxg6+
Kh8 37.Qxe6 Qd1+ 38.Kh2 1-0

[Event "Êîìàíäíîå ïåð-âî ÐÔ 2012 ã. ïî êëàññè÷åñêèì øàõìàòàì"]
[Site "Ðûáèíñê"]
[Date "2012.08.02"]
[Round "1.41"]
[White "Ìàñëîâ Èâàí"]
[Black "Ìàõìóòîâ Ðàèëü"]
[Result "0-1"]
[WhiteElo "1975"]
[BlackElo "2391"]
[Annotator ""]
[Source ""]
[Remark ""]

1.e4 d6 2.d4 Nf6 3.Nc3 c6 4.a4 Nbd7 5.Nf3 e5 6.h3 Be7 7.Bc4 O-O
8.O-O a5 9.Re1 Qc7 10.b3 Nb6 11.Bf1 Re8 12.Ba3 Bd7 13.Qd2 Rab8
14.Rad1 Bc8 15.Nb1 exd4 16.Nxd4 Bf8 17.Bd3 Nbd7 18.c4 Nc5 19.Nc3
d5 20.Bxc5 Bxc5 21.Ncb5 cxb5 22.Nxb5 Qg3 23.exd5 Bxh3 0-1

[Event "Êîìàíäíîå ïåð-âî ÐÔ 2012 ã. ïî êëàññè÷åñêèì øàõìàòàì"]
[Site "Ðûáèíñê"]
[Date "2012.08.02"]
[Round "1.42"]
[White "Ôàéçðàõìàíîâ Ðàìèëü"]
[Black "Íàâðîäñêèé Áîðèñ"]
[Result "1-0"]
[WhiteElo "2291"]
[BlackElo "1953"]
[Annotator ""]
[Source ""]
[Remark ""]

1.d4 d5 2.c4 e6 3.Nf3 c6 4.Nc3 dxc4 5.a4 Bb4 6.g3 Nf6 7.Bg2 O-O
8.O-O Nbd7 9.Qc2 Qc7 10.Na2 Bd6 11.Qxc4 e5 12.Rd1 Nb6 13.Qc2
Re8 14.Nc3 h6 15.b3 Bg4 16.dxe5 Bxe5 17.Nxe5 Qxe5 18.Bf4 Qe6
19.f3 Bf5 20.e4 Bh7 21.Rd6 Qe7 22.Qd2 Rad8 23.Rd1 Rxd6 24.Qxd6
Qxd6 25.Rxd6 Nc8 26.Rd1 Kf8 27.Bc1 c5 28.Bh3 b6 29.Nb5 Ne7 30.Nxa7 1-0

[Event "Êîìàíäíîå ïåð-âî ÐÔ 2012 ã. ïî êëàññè÷åñêèì øàõìàòàì"]
[Site "Ðûáèíñê"]
[Date "2012.08.02"]
[Round "1.43"]
[White "Ïàê Ìàòâåé"]
[Black "Õàçèåâà Ýëüçà"]
[Result "1/2-1/2"]
[WhiteElo "1800"]
[BlackElo "2258"]
[Annotator ""]
[Source ""]
[Remark ""]

1.e4 c5 2.Nf3 e6 3.d4 cxd4 4.Nxd4 a6 5.Nc3 Qc7 6.Qf3 Nc6 7.Nxc6
bxc6 8.Bf4 Bd6 9.Bxd6 Qxd6 10.Qg3 Qxg3 11.hxg3 d5 12.O-O-O Nf6
13.f3 O-O 14.Bd3 g6 15.Rh4 Kg7 16.Rdh1 Rh8 17.Na4 Nd7 18.f4 Rb8
19.c3 Bb7 20.b4 c5 21.exd5 Bxd5 22.Nxc5 Nxc5 23.bxc5 a5 24.f5
Rbc8 25.fxg6 fxg6 26.Be4 Bxa2 27.c6 Bd5 28.Kc2 Rxc6 29.Ra1 Bxe4+
30.Rxe4 Rhc8 31.Ra3 Rf8 32.Rxa5 Rf2+ 33.Kb3 Rxg2 34.Ra7+ Kf6
35.Rf4+ Ke5 36.Ra5+ Kd6 37.Rd4+ Ke7 38.Ra7+ Kf6 39.Rf4+ Kg5 40.Ra5+
Kh6 41.Rh4+ Kg7 42.Ra7+ Kf6 43.Rf4+ Ke5 44.Ra5+ Kd6 45.Rd4+ Kc7
46.Ra7+ Kb6 47.Rad7 Rc7 48.Rd8 Rc5 49.Rb4+ Kc6 50.Rc8+ Kd6 1/2-1/2

[Event "Êîìàíäíîå ïåð-âî ÐÔ 2012 ã. ïî êëàññè÷åñêèì øàõìàòàì"]
[Site "Ðûáèíñê"]
[Date "2012.08.02"]
[Round "1.44"]
[White "Áåëîâà Îëüãà"]
[Black "Îáîëåíöåâà Àëåêñàíäðà"]
[Result "1-0"]
[WhiteElo "2084"]
[BlackElo "1950"]
[Annotator ""]
[Source ""]
[Remark ""]

1.e4 c5 2.Nf3 d6 3.c3 Nf6 4.h3 e6 5.Bd3 Be7 6.O-O O-O 7.Bc2 Nc6
8.d4 cxd4 9.cxd4 Qc7 10.Nc3 a6 11.Bg5 Ne8 12.Bxe7 Qxe7 13.d5
Nd8 14.Nd4 e5 15.Nf5 Bxf5 16.exf5 Nf6 17.Re1 Qd7 18.Qd3 b5 19.a4
b4 20.Ne4 Kh8 21.Nxf6 gxf6 22.Qd2 b3 23.Bxb3 Qxf5 24.Bc2 Qg5
25.Qd3 Qg6 26.Qc3 Qg7 27.Re3 Rg8 28.Rg3 Qh6 29.Rxg8+ Kxg8 30.b4
Qf4 31.Re1 Rb8 32.Re4 Qc1+ 33.Kh2 f5 34.Re3 Ra8 35.Rg3+ Kh8 36.Bxf5
Qxc3 37.Rxc3 Rb8 38.Rc8 Rxb4 39.Rxd8+ Kg7 40.Bd7 Kf6 41.Bc6 Ke7
42.Rd7+ 1-0

[Event "Êîìàíäíîå ïåð-âî ÐÔ 2012 ã. ïî êëàññè÷åñêèì øàõìàòàì "]
[Site "Ðûáèíñê"]
[Date "2012.08.02"]
[Round "1.11"]
[White "Åëèñååâ Þðèé "]
[Black "Íîæêèí Íèêèòà "]
[Result "1-0"]
[WhiteElo "2480"]
[BlackElo "2117"]
[Annotator ""]
[Source ""]
[Remark ""]

1.e4 e5 2.Bc4 Nc6 3.Nc3 Bc5 4.d3 d6 5.a3 Nf6 6.Na4 Bb6 7.Ne2
Be6 8.Ng3 Qd7 9.Bg5 O-O-O 10.O-O h6 11.Bxf6 gxf6 12.Nxb6+ axb6
13.f4 d5 14.exd5 Bxd5 15.Bxd5 Qxd5 16.Kh1 Nd4 17.Rf2 Ne6 18.fxe5
fxe5 19.Nf5 Kb8 20.Qf3 Qb5 21.b4 Nf4 22.h4 Qd7 23.Qe4 f6 24.Kh2
Rdg8 25.g3 Ne6 26.Ne3 Qg7 27.Rg1 Rf8 28.Qg4 Qd7 29.Rgf1 h5 30.Qg6
Rhg8 31.Qxh5 e4 32.Qd5 Qc8 33.Rxf6 Rxf6 34.Rxf6 Ng7 35.Qxe4 Re8
36.Qf3 Qd8 37.Rf7 Ne6 38.Qd5 Qc8 39.Qd7 1-0

[Event "Êîìàíäíîå ïåð-âî ÐÔ 2012 ã. ïî êëàññè÷åñêèì øàõìàòàì "]
[Site "Ðûáèíñê"]
[Date "2012.08.02"]
[Round "1.51"]
[White "Äîíñêîâ Àíàòîëèé"]
[Black "Êèòàåâ Èëüÿ "]
[Result "1/2-1/2"]
[WhiteElo "2430"]
[BlackElo "1947"]
[Annotator ""]
[Source ""]
[Remark ""]

1.e4 e6 2.d4 d5 3.Nc3 Bb4 4.exd5 exd5 5.Bd3 Nf6 6.Nge2 O-O 7.O-O
c6 8.Bg5 Bg4 9.f3 Bh5 10.Nf4 Bg6 11.Nxg6 fxg6 12.Ne2 Nbd7 13.c3
Bd6 14.Qd2 Qc7 15.g3 Nh5 16.Kg2 Rae8 17.Rae1 Re6 18.Ng1 Rxe1
19.Qxe1 Kh8 20.f4 Nhf6 21.Nf3 Re8 22.Ne5 Kg8 23.Rf2 Nf8 24.Re2
Qc8 25.Bh4 Nh5 26.Re3 Bxe5 27.dxe5 Qg4 28.Kh1 Ne6 29.Be2 Qf5
30.Qd1 Nhxf4 31.Bg4 Nh3 32.Bxf5 Nf2+ 33.Kg1 Nxd1 34.Bxe6+ Rxe6
35.Re2 c5 36.Bg5 d4 37.cxd4 cxd4 38.Bf4 Ne3 39.Rd2 g5 40.Bxg5
Rxe5 41.Bf4 Re4 42.Rd3 Kf7 43.Kf2 Ke6 44.Kf3 Kd5 45.Rb3 Re7 46.Bxe3
Rxe3+ 47.Rxe3 dxe3 48.Kxe3 Kc4 49.Ke4 a5 50.g4 a4 51.h4 b5 52.g5
g6 53.Ke3 b4 54.Ke4 a3 55.b3+ Kc3 56.Ke3 Kb2 57.Kd2 Kb1 58.Kd1
Kb2 59.Kd2 Kb1 60.Kd1 Ka1 61.Kc1 Kxa2 62.Kc2 Ka1 63.Kc1 Ka2 64.Kc2
Ka1 65.Kc1 1/2-1/2

[Event "Êîìàíäíîå ïåð-âî ÐÔ 2012 ã. ïî êëàññè÷åñêèì øàõìàòàì "]
[Site "Ðûáèíñê"]
[Date "2012.08.02"]
[Round "1.52"]
[White "Âàñèëüåâ Àðêàäèé "]
[Black "Óñìàíîâ Âàñèëèé "]
[Result "1/2-1/2"]
[WhiteElo "1908"]
[BlackElo "2333"]
[Annotator ""]
[Source ""]
[Remark ""]

1.e4 c5 2.Ne2 d6 3.g3 Nc6 4.Bg2 g6 5.c3 Bg7 6.d4 Nf6 7.h3 O-O
8.Be3 cxd4 9.cxd4 Qa5+ 10.Nbc3 d5 11.e5 Ne4 12.O-O Nxc3 13.Nxc3
Be6 14.f4 f6 15.Qb3 Kh8 16.Rae1 Qb4 17.Nxd5 Qxb3 18.axb3 Rac8
19.Nc3 Bxb3 20.Bxc6 bxc6 21.Ra1 Rc7 22.Ne4 Be6 23.g4 Rb8 24.Nc5
Bc8 25.b3 f5 26.g5 e6 27.Ra3 Bf8 28.Rfa1 Bxc5 29.dxc5 Rbb7 30.Rd1
Bd7 31.Bd2 Kg8 32.Ba5 Rc8 33.b4 Kf7 34.Rad3 Ke7 35.Kg2 Rh8 36.h4
h6 37.Kg3 h5 38.Rd4 Rhb8 39.R1d2 Rf8 40.Rd6 Rc8 41.R2d4 Rf8 42.Kf3
Rc8 1/2-1/2

[Event "Êîìàíäíîå ïåð-âî ÐÔ 2012 ã. ïî êëàññè÷åñêèì øàõìàòàì "]
[Site "Ðûáèíñê"]
[Date "2012.08.02"]
[Round "1.53"]
[White "Ïàëü÷óí Ãðèãîðèé "]
[Black "Ãèíîñÿí Ðàçìèê "]
[Result "1-0"]
[WhiteElo "1189"]
[BlackElo "1976"]
[Annotator ""]
[Source ""]
[Remark ""]

1.e4 e6 2.d4 d5 3.e5 c5 4.c3 Nc6 5.Nf3 Qb6 6.a3 Bd7 7.b4 cxd4
8.cxd4 Rc8 9.Bb2 Nge7 10.Nc3 Na5 11.Na4 Qc6 12.Nc5 Nc4 13.Bc1
Nf5 14.Bd3 Bxc5 15.bxc5 b6 16.cxb6 axb6 17.O-O h6 18.Bb1 Qa4
19.Bc2 Qc6 20.Ra2 Na5 21.g4 Ne7 22.Bd2 O-O 23.Bb4 Qc4 24.Bb1
Rfe8 25.Rc2 Qa6 26.Rxc8 Bxc8 27.Qc2 g6 28.h4 Qc4 29.Qd2 Ba6 30.Re1
Kh7 31.Qf4 Kg7 32.Bxe7 Nc6 33.Bf6+ Kh7 34.Bxg6+ 1-0

[Event "Êîìàíäíîå ïåð-âî ÐÔ 2012 ã. ïî êëàññè÷åñêèì øàõìàòàì "]
[Site "Ðûáèíñê"]
[Date "2012.08.02"]
[Round "1.54"]
[White "Ìèêàèëîâà Ìèëàíà "]
[Black "Àíäðååâà Þëèÿ "]
[Result "0-1"]
[WhiteElo "1753"]
[BlackElo "1928"]
[Annotator ""]
[Source ""]
[Remark ""]

1.e4 c5 2.Ne2 d6 3.g3 g6 4.Bg2 Bg7 5.c3 Nf6 6.d4 O-O 7.O-O Qc7
8.h3 Nbd7 9.Be3 Rb8 10.a4 b6 11.Nd2 a6 12.Rc1 b5 13.axb5 axb5
14.Qc2 Bb7 15.Ra1 Ra8 16.Qb3 Rfb8 17.d5 b4 18.cxb4 Ba6 19.Rfe1
Rxb4 20.Qc2 Qb7 21.b3 Rb8 22.Nf4 Ne8 23.Ra3 Nc7 24.Nd3 Bxd3 25.Qxd3
Nb5 26.Ra5 Nd4 27.Bxd4 Rxd4 28.Qc2 Qb4 29.Ra2 Rxd2 30.Qxd2 Bc3 0-1

[Event "Êîìàíäíîå ïåð-âî ÐÔ 2012 ã. ïî êëàññè÷åñêèì øàõìàòàì "]
[Site "Ðûáèíñê"]
[Date "2012.08.02"]
[Round "1.61"]
[White "Ìèõàéëîâ Âÿ÷åñëàâ "]
[Black "Ñòóêîïèí Àíäðåé "]
[Result "0-1"]
[WhiteElo "2325"]
[BlackElo "2503"]
[Annotator ""]
[Source ""]
[Remark ""]

1.e4 c5 2.Nf3 e6 3.d4 cxd4 4.Nxd4 Nc6 5.Nc3 Qc7 6.Be2 Nf6 7.O-O
a6 8.Kh1 b5 9.a3 Bb7 10.f4 Nxd4 11.Qxd4 Bc5 12.Qd3 d5 13.exd5
Nxd5 14.f5 O-O 15.Nxd5 Bxd5 16.f6 Qe5 17.Qg3 Qxg3 18.hxg3 gxf6
19.Rxf6 Be4 20.Bh6 Rfd8 21.Raf1 Bg6 22.c3 Rd7 23.Bg4 Rad8 24.b4
Be7 25.R6f3 Rd5 26.Kh2 Bg5 27.Bxg5 Rxg5 28.Bh3 h5 29.Rf4 Bd3
30.R1f3 f5 31.Re3 Kf7 32.Re5 Rd6 33.Rc5 Kf6 34.Rc8 Rg7 35.Rh8
Kg6 36.Kg1 Rc7 37.Rh4 Be2 38.Rg8+ Kf7 39.Rg5 Rxc3 0-1

[Event "Êîìàíäíîå ïåð-âî ÐÔ 2012 ã. ïî êëàññè÷åñêèì øàõìàòàì "]
[Site "Ðûáèíñê"]
[Date "2012.08.02"]
[Round "1.62"]
[White "Òèëè÷ååâ Âÿ÷åñëàâ "]
[Black "Ìîðîçîâ Åãîð "]
[Result "1-0"]
[WhiteElo "2416"]
[BlackElo "2116"]
[Annotator ""]
[Source ""]
[Remark ""]

1.e4 c5 2.Nf3 e6 3.b3 Nc6 4.Bb2 d6 5.d4 cxd4 6.Nxd4 e5 7.Nxc6
bxc6 8.g3 Nf6 9.Bg2 Be6 10.O-O Be7 11.c4 Qd7 12.c5 dxc5 13.Bxe5
c4 14.Qxd7+ Nxd7 15.Bxg7 Rg8 16.Bd4 cxb3 17.axb3 Bxb3 18.Nd2
Be6 19.Rfc1 c5 20.e5 Rd8 21.Bc3 Nxe5 22.Bxe5 Rxd2 23.Rxa7 Rd8
24.Rb1 f6 25.Bc6+ Kf8 26.Bf4 Bh3 27.Rxe7 1-0

[Event "Êîìàíäíîå ïåð-âî ÐÔ 2012 ã. ïî êëàññè÷åñêèì øàõìàòàì "]
[Site "Ðûáèíñê"]
[Date "2012.08.02"]
[Round "1.63"]
[White "Ñåäûõ Åãîð "]
[Black "Çàñüêî Ãðèãîðèé "]
[Result "0-1"]
[WhiteElo "1847"]
[BlackElo "2120"]
[Annotator ""]
[Source ""]
[Remark ""]

1.d4 Nf6 2.Nf3 g6 3.g3 Bg7 4.Bg2 O-O 5.O-O d6 6.c4 Nc6 7.Nc3
Bf5 8.Re1 Ne4 9.e3 Nxc3 10.bxc3 Be4 11.Nd2 Bxg2 12.Kxg2 e5 13.Rb1
b6 14.Ba3 Re8 15.Qc2 Qd7 16.Rbd1 Rad8 17.Nb3 Qc8 18.Nd2 Qa6 19.Bb2
Re7 20.Qb3 Rde8 21.Qb5 Qb7 22.Qd5 Na5 23.Qxb7 Nxb7 24.f3 exd4
25.cxd4 Rxe3 26.Rxe3 Rxe3 27.Kf2 Re7 28.Ne4 Na5 29.Rc1 Kf8 30.Nd2
Nc6 31.Nb3 Nb4 0-1

[Event "Êîìàíäíîå ïåð-âî ÐÔ 2012 ã. ïî êëàññè÷åñêèì øàõìàòàì "]
[Site "Ðûáèíñê"]
[Date "2012.08.02"]
[Round "1.71"]
[White "Ãîðäèåâñêèé Äìèòðèé "]
[Black "Ãåíêåëü Äìèòðèé "]
[Result "1-0"]
[WhiteElo "2437"]
[BlackElo "1941"]
[Annotator ""]
[Source ""]
[Remark ""]

1.d4 d5 2.c4 e6 3.Nc3 Nf6 4.cxd5 exd5 5.Bg5 Be7 6.e3 O-O 7.Bd3
Nbd7 8.Nge2 Re8 9.O-O Nf8 10.Qc2 g6 11.Rad1 Ne6 12.Bh4 Ng7 13.Qb3
c6 14.f3 Qb6 15.Qc2 Nf5 16.Bf2 Nd6 17.h3 Bf5 18.e4 dxe4 19.fxe4 1-0

[Event "Êîìàíäíîå ïåð-âî ÐÔ 2012 ã. ïî êëàññè÷åñêèì øàõìàòàì "]
[Site "Ðûáèíñê"]
[Date "2012.08.02"]
[Round "1.72"]
[White "Ðèâîíåíêî Âëàäèñëàâ "]
[Black "Ïóñòîâîéòîâà Äàðüÿ "]
[Result "1-0"]
[WhiteElo "1992"]
[BlackElo "2294"]
[Annotator ""]
[Source ""]
[Remark ""]

1.e4 e5 2.Nf3 Nf6 3.Nxe5 d6 4.Nf3 Nxe4 5.Nc3 Nf6 6.d4 Be7 7.h3
O-O 8.Bd3 c6 9.O-O Na6 10.Re1 Nb4 11.Bf4 h6 12.Qe2 Nxd3 13.Qxd3
Be6 14.Ne4 Nd5 15.Bd2 b5 16.a4 a6 17.Ng3 Qd7 18.b3 b4 19.Rad1
a5 20.Nh2 Bg5 21.Ne4 Bf5 22.Qg3 Bxd2 23.Rxd2 Rfe8 24.Rde2 Re6
25.Qf3 Bxe4 26.Rxe4 Rae8 27.Nf1 Rxe4 28.Rxe4 Nc3 29.Rxe8+ Qxe8
30.Ne3 d5 31.Qg4 Qe6 32.Kf1 Ne4 33.Qf4 g6 34.Ng4 h5 35.Ne5 Kg7
36.Nd3 Qf6 37.Qxf6+ Kxf6 38.Ne5 c5 39.Nc6 cxd4 40.Nxa5 Nc5 41.Nc6
d3 42.cxd3 Nxb3 43.a5 Nc5 44.Nxb4 Ke5 45.a6 Na4 46.Ke2 Kd4 47.a7
Nb6 48.Na6 Na8 49.f4 Kc3 50.g4 hxg4 51.hxg4 f5 52.g5 d4 53.Nc5
Kb4 54.Ne6 Kb5 55.Nf8 Kb6 56.Nxg6 Kxa7 57.Ne7 Nc7 58.Nxf5 Ne6
59.Kf3 1-0

[Event "Êîìàíäíîå ïåð-âî ÐÔ 2012 ã. ïî êëàññè÷åñêèì øàõìàòàì "]
[Site "Ðûáèíñê"]
[Date "2012.08.02"]
[Round "1.73"]
[White "Ðîìàíîâ Ñòàíèñëàâ "]
[Black "Ãàëèøíèêîâ Þðèé "]
[Result "1-0"]
[WhiteElo "2115"]
[BlackElo "1889"]
[Annotator ""]
[Source ""]
[Remark ""]

1.e4 e6 2.d4 d5 3.Nc3 Bb4 4.e5 c5 5.a3 Bxc3+ 6.bxc3 Qa5 7.Qd2
c4 8.Nf3 Qa4 9.Be2 Nc6 10.Bd1 Bd7 11.Qg5 g6 12.Rb1 b6 13.Qf4
h6 14.O-O g5 15.Qg4 Nge7 16.h4 gxh4 17.Qxh4 O-O-O 18.Qf6 Rh7
19.g3 Rg8 20.Kg2 Nf5 21.Nh4 Nce7 22.Rb4 Nxh4+ 23.Qxh4 Ng6 24.Qh5
Qc6 25.Rh1 Rgh8 26.Qf3 Qc7 27.Be2 h5 28.Bxc4 Bc6 29.Bd3 h4 30.Bxg6
fxg6 31.Rxh4 Rxh4 32.gxh4 Rxh4 33.Bg5 Re4 34.Rb1 Qd7 35.Rh1 Rxe5
36.Qf8+ Kb7 37.dxe5 d4+ 38.f3 Ka6 39.Qd6 Bxf3+ 40.Kg3 Qf7 41.Rf1
Qf5 42.Qxd4 Qxg5+ 43.Kxf3 Qf5+ 44.Kg2 Qg5+ 45.Kh3 Qh6+ 46.Qh4
Qe3+ 47.Kg2 Qd2+ 48.Rf2 Qd5+ 49.Kg1 Qd1+ 50.Kh2 Qd7 51.Qc4+ b5
52.Qd3 Qh7+ 53.Qh3 Qd7 54.Qxe6+ Qxe6 55.Rf6 Qb6 56.Kg3 Kb7 57.Rxb6+
Kxb6 58.Kf4 Kc6 59.Kg5 Kd7 60.Kf6 a6 61.Kf7 1-0

[Event "Êîìàíäíîå ïåð-âî ÐÔ 2012 ã. ïî êëàññè÷åñêèì øàõìàòàì "]
[Site "Ðûáèíñê"]
[Date "2012.08.02"]
[Round "1.74"]
[White "Ïðàíèçèíà Àëèíà "]
[Black "Ôðîëîâà Åêàòåðèíà "]
[Result "0-1"]
[WhiteElo "1646"]
[BlackElo "2078"]
[Annotator ""]
[Source ""]
[Remark ""]

1.e4 c5 2.Nf3 d6 3.c3 Nf6 4.Be2 g6 5.O-O Bg7 6.Re1 Nc6 7.Bf1
O-O 8.h3 a6 9.Na3 b5 10.Nc2 c4 11.b3 Na5 12.Nb4 Bb7 13.e5 Bxf3
14.Qxf3 dxe5 15.bxc4 e4 16.Qe3 Nxc4 17.Bxc4 bxc4 18.f3 a5 19.Nc6
Qd6 20.Nd4 exf3 21.Qxf3 Nd7 22.Qe3 Ne5 23.Nf3 Nd3 24.Re2 e6 25.Nd4
Rfd8 26.Nc2 Qc6 27.Ne1 Qa4 28.Nxd3 Rxd3 29.Qe4 Rb8 30.Rf2 e5
31.Rf1 f5 32.Qh4 Rb7 33.Qe1 e4 34.Qd1 Qxd1 35.Rxd1 Bxc3 0-1